Home Print Resources E-Books E-Journals IIMT Lecture Series Library Membership Form Book Recommendation Form Campus Tour Take AdmissionAbout Us Contact Us

TEXTBOOK ON THE BHARATIYA NYAYA SANHITA 2023 (Record no. 66671)

000 -LEADER
fixed length control field 00358nam a22001457a 4500
008 - FIXED-LENGTH DATA ELEMENTS--GENERAL INFORMATION
fixed length control field 251025b |||||||| |||| 00| 0 eng d
020 ## - ISBN
International Standard Book Number 9789395116930
040 ## - CATALOGING SOURCE
Original cataloging agency IIMT University College of Law
100 ## - MAIN ENTRY--PERSONAL NAME
Personal name GAUR MADHU
245 ## - TITLE STATEMENT
Title TEXTBOOK ON THE BHARATIYA NYAYA SANHITA 2023
260 ## - PUBLICATION, DISTRIBUTION, ETC. (IMPRINT)
Place of publication, distribution, etc LEXIS NEXIS
300 ## - PHYSICAL DESCRIPTION
Pages 1542
650 ## - Subject
Subject BHARATIYA NYAYA SANHITA 2023
942 ## - ADDED ENTRY ELEMENTS (KOHA)
Koha item type Book Bank
952 ## - LOCATION AND ITEM INFORMATION (KOHA)
-- 2025-10-25
952 ## - LOCATION AND ITEM INFORMATION (KOHA)
-- 2025-10-25
952 ## - LOCATION AND ITEM INFORMATION (KOHA)
-- 2025-10-25
952 ## - LOCATION AND ITEM INFORMATION (KOHA)
-- 2025-10-25
952 ## - LOCATION AND ITEM INFORMATION (KOHA)
-- 2025-10-25
952 ## - LOCATION AND ITEM INFORMATION (KOHA)
-- 2025-11-12
-- 2025-10-25
952 ## - LOCATION AND ITEM INFORMATION (KOHA)
-- 2025-11-12
-- 2025-10-25
952 ## - LOCATION AND ITEM INFORMATION (KOHA)
-- 2025-10-25
952 ## - LOCATION AND ITEM INFORMATION (KOHA)
-- 2025-10-25
952 ## - LOCATION AND ITEM INFORMATION (KOHA)
-- 2025-10-25
952 ## - LOCATION AND ITEM INFORMATION (KOHA)
-- 2025-11-12
-- 2025-10-25
952 ## - LOCATION AND ITEM INFORMATION (KOHA)
-- 2025-11-12
-- 2025-10-25
952 ## - LOCATION AND ITEM INFORMATION (KOHA)
-- 2025-11-12
-- 2025-10-25
952 ## - LOCATION AND ITEM INFORMATION (KOHA)
-- 2025-10-25
952 ## - LOCATION AND ITEM INFORMATION (KOHA)
-- 2025-10-25
952 ## - LOCATION AND ITEM INFORMATION (KOHA)
-- 2025-10-25
952 ## - LOCATION AND ITEM INFORMATION (KOHA)
-- 2025-10-25
952 ## - LOCATION AND ITEM INFORMATION (KOHA)
-- 2025-10-25
952 ## - LOCATION AND ITEM INFORMATION (KOHA)
-- 2025-11-19
-- 2025-10-25
952 ## - LOCATION AND ITEM INFORMATION (KOHA)
-- 2025-10-25
952 ## - LOCATION AND ITEM INFORMATION (KOHA)
-- 2025-10-25
952 ## - LOCATION AND ITEM INFORMATION (KOHA)
-- 2025-10-25
952 ## - LOCATION AND ITEM INFORMATION (KOHA)
-- 2025-10-25
952 ## - LOCATION AND ITEM INFORMATION (KOHA)
-- 2025-10-25
952 ## - LOCATION AND ITEM INFORMATION (KOHA)
-- 2025-11-12
-- 2025-10-25
952 ## - LOCATION AND ITEM INFORMATION (KOHA)
-- 2025-10-25
952 ## - LOCATION AND ITEM INFORMATION (KOHA)
-- 2025-10-25
952 ## - LOCATION AND ITEM INFORMATION (KOHA)
-- 2025-11-12
-- 2025-10-25
952 ## - LOCATION AND ITEM INFORMATION (KOHA)
-- 2025-10-25
952 ## - LOCATION AND ITEM INFORMATION (KOHA)
-- 2025-10-25
Holdings
Withdrawn status Lost status Source of classification or shelving scheme Damaged status Not for loan Location (home branch) Sublocation or collection (holding branch) Date acquired Source of Acquisition Cost Normal purchase price Koha issues (times borrowed) Accession No. Koha date last seen Koha item type
          IIMT University College of Law IIMT University College of Law 10/25/2025 R LALL BOOK 1495.00   04-B-12708 10/25/2025 Book Bank
          IIMT University College of Law IIMT University College of Law 10/25/2025 R LALL BOOK 1495.00   04-B-12709 10/25/2025 Book Bank
          IIMT University College of Law IIMT University College of Law 10/25/2025 R LALL BOOK 1495.00   04-B-12710 10/25/2025 Book Bank
          IIMT University College of Law IIMT University College of Law 10/25/2025 R LALL BOOK 1495.00   04-B-12711 10/25/2025 Book Bank
          IIMT University College of Law IIMT University College of Law 10/25/2025 R LALL BOOK 1495.00   04-B-12712 10/25/2025 Book Bank
          IIMT University College of Law IIMT University College of Law 10/25/2025 R LALL BOOK 1495.00 1 04-B-12713 02/04/2026 Book Bank
          IIMT University College of Law IIMT University College of Law 10/25/2025 R LALL BOOK 1495.00 1 04-B-12714 01/24/2026 Book Bank
          IIMT University College of Law IIMT University College of Law 10/25/2025 R LALL BOOK 1495.00   04-B-12715 10/25/2025 Book Bank
          IIMT University College of Law IIMT University College of Law 10/25/2025 R LALL BOOK 1495.00   04-B-12716 10/25/2025 Book Bank
          IIMT University College of Law IIMT University College of Law 10/25/2025 R LALL BOOK 1495.00   04-B-12717 10/25/2025 Book Bank
          IIMT University College of Law IIMT University College of Law 10/25/2025 R LALL BOOK 1495.00 1 04-B-12718 01/19/2026 Book Bank
          IIMT University College of Law IIMT University College of Law 10/25/2025 R LALL BOOK 1495.00 1 04-B-12719 01/30/2026 Book Bank
          IIMT University College of Law IIMT University College of Law 10/25/2025 R LALL BOOK 1495.00 1 04-B-12720 01/19/2026 Book Bank
          IIMT University College of Law IIMT University College of Law 10/25/2025 R LALL BOOK 1495.00   04-B-12721 10/25/2025 Book Bank
          IIMT University College of Law IIMT University College of Law 10/25/2025 R LALL BOOK 1495.00   04-B-12722 10/25/2025 Book Bank
          IIMT University College of Law IIMT University College of Law 10/25/2025 R LALL BOOK 1495.00   04-B-12723 10/25/2025 Book Bank
          IIMT University College of Law IIMT University College of Law 10/25/2025 R LALL BOOK 1495.00   04-B-12724 10/25/2025 Book Bank
          IIMT University College of Law IIMT University College of Law 10/25/2025 R LALL BOOK 1495.00   04-B-12725 10/25/2025 Book Bank
          IIMT University College of Law IIMT University College of Law 10/25/2025 R LALL BOOK 1495.00 1 04-B-12726 02/11/2026 Book Bank
          IIMT University College of Law IIMT University College of Law 10/25/2025 R LALL BOOK 1495.00   04-B-12727 10/25/2025 Book Bank
          IIMT University College of Law IIMT University College of Law 10/25/2025 R LALL BOOK 1495.00   04-B-12728 10/25/2025 Book Bank
          IIMT University College of Law IIMT University College of Law 10/25/2025 R LALL BOOK 1495.00   04-B-12729 10/25/2025 Book Bank
          IIMT University College of Law IIMT University College of Law 10/25/2025 R LALL BOOK 1495.00   04-B-12730 10/25/2025 Book Bank
          IIMT University College of Law IIMT University College of Law 10/25/2025 R LALL BOOK 1495.00   04-B-12731 10/25/2025 Book Bank
          IIMT University College of Law IIMT University College of Law 10/25/2025 R LALL BOOK 1495.00 1 04-B-12732 01/19/2026 Book Bank
          IIMT University College of Law IIMT University College of Law 10/25/2025 R LALL BOOK 1495.00   04-B-12733 10/25/2025 Book Bank
          IIMT University College of Law IIMT University College of Law 10/25/2025 R LALL BOOK 1495.00   04-B-12734 10/25/2025 Book Bank
          IIMT University College of Law IIMT University College of Law 10/25/2025 R LALL BOOK 1495.00 1 04-B-12735 01/28/2026 Book Bank
          IIMT University College of Law IIMT University College of Law 10/25/2025 R LALL BOOK 1495.00   04-B-12736 10/25/2025 Book Bank
          IIMT University College of Law IIMT University College of Law 10/25/2025 R LALL BOOK 1495.00   04-B-12737 10/25/2025 Book Bank
IIMT, Central Library. All Rights Reserved IIMT,UNIVERSITY © 2023
Implemented and Customised by I CLOUDE EMS
You Are OPAC Visitor No
free web counter

Powered by Koha